Rapport du Comité de la consommation

Saved in:
Bibliographic Details
Format: Book
Language:Undetermined
Published: Paris Documentation française 1976
Subjects:
Tags: Add Tag
No Tags, Be the first to tag this record!
Institutions: Trung tâm Học liệu Trường Đại học Cần Thơ
LEADER 00465nam a2200169Ia 4500
001 CTU_86433
008 210402s9999 xx 000 0 und d
082 |a 381.3 
082 |b R221 
245 0 |a Rapport du Comité de la consommation 
260 |a Paris 
260 |b Documentation française 
260 |c 1976 
650 |a Consumer protection,Consumers 
650 |z France,France 
904 |i Năm 
980 |a Trung tâm Học liệu Trường Đại học Cần Thơ